000 00340 a2200157 4500
001 48473
020 _a9788575039311
040 _cAnchieta - Bela Vista
100 _aKohara, Kazuno
240 1 0 _aA casa assombrada
_lpor
245 1 0 _aA casa assombrada
300 _a32
362 0 _a2010
650 4 _aLiteratura infantil
942 _cBK
999 _c48473
_d48473